000 00837cam a2200265 a 4500
008
020 _a007039363X (hbk.)
049 _aMAIN
090 _aKF902
_bBOC
100 1 _aBockrath, Joseph T.
245 1 0 _aContracts and the legal environment for engineers and architects /
_cJoseph T. Bockrath.
250 _a6th ed.
260 _aBoston :
_bMcGraw-Hill,
_cc2000.
300 _axxiii, 552 p. :
_bill. ;
_c24 cm.
440 0 _aMcGraw-Hill series in construction engineering and project management.
500 _aIncludes index.
650 0 _aEngineering contracts.
650 0 _aArchitectural contracts.
650 0 _aConstruction contracts.
907 _a.b10288545
_b16-07-12
_c13-12-10
003
005 20230123125150.0
040 _cNUST
942 _cBOOKS
_kKF902
_mBOC
999 _c136848
_d136848